Régimen municipal aragonés (Record no. 27930)

MARC details
000 -LEADER
campo de control de longitud fija 00580nam a2200169 i 4500
001 - NÚMERO DE CONTROL
campo de control 27930
003 - IDENTIFICADOR DE NÚMERO DE CONTROL
campo de control ES-MaACL
005 - FECHA Y HORA DE LA ÚLTIMA TRANSACCIÓN
campo de control 20230906153731.0
007 - CAMPO FIJO DE DESCRIPCIÓN FÍSICA--INFORMACIÓN GENERAL
campo de control de longitud fija t|
008 - DATOS DE LONGITUD FIJA--INFORMACIÓN GENERAL
campo de control de longitud fija 030115s1905 sp ||||1| spa d
100 1# - ENTRADA PRINCIPAL--NOMBRE DE PERSONA
Nombre de persona Aznar Navarro, Francisco.
9 (RLIN) 24314
245 10 - MENCIÓN DEL TÍTULO
Título Régimen municipal aragonés
Resto del título : responsabilidad consiguiente al desempeño de los cargos concejiles /
Mención de responsabilidad, etc. Franciso Aznar Navarro.
260 ## - PUBLICACIÓN, DISTRIBUCIÓN, ETC.
Lugar de publicación, distribución, etc. Zaragoza :
Nombre del editor, distribuidor, etc. [s.n.],
Fecha de publicación, distribución, etc. 1905 (
Fabricante Mariano Escar)
300 ## - DESCRIPCIÓN FÍSICA
Extensión 35 p. ;
Dimensiones 25 cm.
500 ## - NOTA GENERAL
Nota general En port.: Publicado en la Revista de Aragón.
852 ## - LOCALIZACIÓN
Ubicación ES-MaACL
Número de control de estantería T-1065-F-10
Holdings
Estatus retirado Estado de pérdida Estado de daño No para préstamo Colección Biblioteca de origen Biblioteca actual Ubicación en estantería Fecha de adquisición Fuente de adquisición Total de préstamos Signatura topográfica completa Código de barras Visto por última vez Precio de reemplazo Tipo de ítem Koha
        Colección de folletos Biblioteca del Ateneo de Madrid Biblioteca del Ateneo de Madrid Depósito folletos 17/01/2008     T-1065-F-10 1028837 23/02/2023 23/02/2023 Folleto